| 000 | 00747nam a22002177a 4500 | ||
|---|---|---|---|
| 005 | 20170303152242.0 | ||
| 010 | _aENG-117385 | ||
| 020 |
_a978939219680 _c615.00 |
||
| 020 |
_a9339219686 _c615.00 |
||
| 035 | _aEN-100917 | ||
| 037 | _bDBAD/PUB | ||
| 082 | _a004.21 | ||
| 100 | _aVallathai, Shibu Kizhakke | ||
| 245 |
_aIntroduction to embedded systems/ _cby Shibu Kizhakke Vallathai |
||
| 250 | _a2nd ed. | ||
| 260 |
_aChennai _bMcGraw Hill Education Private Limited _c2017 |
||
| 270 |
_a444/1, Sri Ekambara Naicker Industrial Estate, Alapakkam,Porur _bChennai (Tamilnadu) _e600116 |
||
| 300 |
_axvii,735p. : _c24cm (pbk) _bill |
||
| 500 | _aIncludes bibliographical references and index | ||
| 942 |
_2ddc _cEN _h004.21 _mVAL |
||
| 999 |
_c137947 _d137947 |
||